000 00761nam a2200265Ia 4500
003 OSt
005 20220918220655.0
006 a|||||r|||| 00| 0
007 ta
008 220917b |||||||| |||| 00| 0 eng d
024 _a146,752
037 _cTextual
040 _aARTS
_cARTS
_beng
041 _2eng
_aeng
082 _aY492.6, N2
100 _aThornton John
_9138066
245 0 _aAfrican and Africans in the making of the Atlantic world 1400-1680
260 _aCambridge
_bCambridge University Press
_c1992
300 _axxxviii, 309p.
_ccm.
490 _aStudies in comparative world history
500 _aIncludes Index
650 _aSOCIOLOGY
942 _hY492.6, N2
_cTEXL
_2CC
999 _c269508
_d269508